Europe in German - Map Quiz - Statistics

General Stats
  • This quiz has been taken 2,465 times
  • The average score is 37 of 45
Answers on the Map
Answers color-coded by a green-red scale on the quiz's map according to % correct below.
 
Answer Stats
Answer % Correct
Frankreich
94%
Portugal
92%
Deutschland
91%
Italien
91%
Spanien
91%
Finnland
90%
Irland
90%
Dänemark
89%
Island
89%
Russland
89%
Belgien
88%
Griechenland
87%
Norwegen
87%
Luxemburg
86%
Polen
86%
Schweden
86%
Schweiz
85%
Ukraine
85%
Estland
84%
Niederlande
84%
Österreich
82%
Vereinigtes Königreich
82%
Albanien
81%
Belarus
81%
Bulgarien
81%
Kroatien
81%
Rumänien
81%
Andorra
80%
Malta
80%
Bosnien und Herzegowina
79%
Kosovo
79%
Liechtenstein
79%
Monaco
79%
Slowakei
79%
Moldawien
78%
San Marino
78%
Vatikanstadt
78%
Lettland
77%
Litauen
77%
Serbien
77%
Slowenien
76%
Nordmazedonien
75%
Montenegro
74%
Tschechien
74%
Ungarn
70%
No matching quizzes found
Score Distribution
Percent of People with Each Score
Percentile by Number Answered
Your Score History
You have not taken this quiz